000 00270nam a2200121 a 4500
008 100917s1967|||| d
245 1 0 _aDisneyland
100 1 _aDygat, Stanislaw
044 _axo
_cSK
041 _aslo
260 _aBratislava
_c1967
_bSmena
020 _c15
999 _c10471
_d10471